000 00635nam a2200205 a 4500
001 000041287
005 20201002034746.0
008 130927s2008 pe 000 j spa d
020 _a9789972239519
040 _aDO-SdBNP
_bspa
_cBNPHU
082 _aPe863.5
_bT647t
100 1 _aTola, Raúl
_967901
245 1 0 _aToque de queda. /
_cRaúl Tola.
260 _aLima, Peru :
_bPlaneta,
_c2008.
300 _a126 p. ;
_c23 cm.
500 _aIncluye datos biografícos del autor en la solapa de la contraportada.
650 4 _aCuentos peruanos
_922009
650 4 _aLiteratura peruana
_93140
910 _aValidado. Control de calidad MFF
999 _c40777
_d40777